00410nam a2200169Ia 4500008004100000020001800041245003400059245001800093260001300111260003000124260000900154300001500163300002500178300001000203500000800213999001900221170705s9999 xx 000 0 und d a9780590757717 aCurious George gets a medal / cby H. A. Rey. aBoston : bHoughton Mifflin Company, c1997 a47 pages : bcolor illustration ; c21cm. a570 c337264d337264